000 00911cpcaa2200265 4500
001 mm 79003428
003 DLC
005 20260227111643.0
008 790117|||||||||||| eng
010 _amm 79003428
040 _aDLC
_cDLC
_edacs
_dDLC
072 7 _aL
_2lcmd
100 1 _aBierce, Ambrose,
_d1842-1914?
245 0 0 _aAmbrose Bierce papers,
_f1871-1905.
300 _a6
_fitems.
506 0 _aOpen to research.
533 _aIn part, typewritten transcripts.
_edacs
_dDLC
545 0 _aAuthor.
546 _aCollection material in English.
580 _aForms part of: Miscellaneous Manuscripts collection.
656 7 _aAuthors.
_2itoamc
999 _c41321
_d41321